Central Library OPAC University of Rajshahi
Normal view MARC view

Entry Personal Name

Number of records used in: 1

001 - CONTROL NUMBER

  • control field: 11630

003 - CONTROL NUMBER IDENTIFIER

  • control field: BD-RjUL

005 - DATE AND TIME OF LATEST TRANSACTION

  • control field: 20240211153859.0

008 - FIXED-LENGTH DATA ELEMENTS

  • fixed length control field: 240211|| aca||aabn | a|a d

040 ## - CATALOGING SOURCE

  • Original cataloging agency: BD-RjUL
  • Transcribing agency: BD-RjUL

100 ## - HEADING--PERSONAL NAME

  • Personal name: আসাদুজ্জামান, মহাম্মদ

670 ## - SOURCE DATA FOUND

  • Source citation: Work cat.: (BD-RjUL)83040: আসাদুজ্জামান, মহাম্মদ, রবীন্দ্রনাথের কাহিনী কবিতা /, ১৯৮৪